Digital Electronics (Record no. 313853)

MARC details
000 -LEADER
fixed length control field 00463nam a2200169Ia 4500
008 - FIXED-LENGTH DATA ELEMENTS--GENERAL INFORMATION
fixed length control field 230718s9999 xx 000 0 und d
041 ## - LANGUAGE CODE
Language code of text/sound track or separate title eng
082 ## - DEWEY DECIMAL CLASSIFICATION NUMBER
Classification number 621.381
Item number GOT
100 ## - MAIN ENTRY--PERSONAL NAME
Personal name Gothmann W.H.
245 ## - TITLE STATEMENT
Title Digital Electronics
Remainder of title An Introduction to Theory and Practice
250 ## - EDITION STATEMENT
Edition statement 2nd ed.
260 ## - PUBLICATION, DISTRIBUTION, ETC. (IMPRINT)
Date of publication, distribution, etc. 1995
Name of publisher, distributor, etc. Prentice Hall of India Pvt. Ltd.
300 ## - PHYSICAL DESCRIPTION
Extent 383
365 ## - TRADE PRICE
Currency code Rs.
Price amount 95.00
700 ## - ADDED ENTRY--PERSONAL NAME
Personal name Gothmann W.H.
906 ## - LOCAL DATA ELEMENT F, LDF (RLIN)
d Donated by Shrilata
c ETC
Holdings
Withdrawn status Lost status Damaged status Not for loan Home library Current library Date acquired Vendor Budget Code Cost, normal purchase price Bill number Total Checkouts Full call number Barcode Date last seen Date last checked out Cost, replacement price Bill Date Koha item type Original Barcode
        Cummins College of Engineering for Women Pune Cummins College of Engineering for Women Pune 14/06/2006 Masurkar EnterPritam Bookses ETC 95.00 Donated by Shrilata 8 621.381 CCEP-BK-25060 06/12/2025 12/11/2025 95.00 17/05/2006 Books 025060